Afrikkalaiset jalkapalloilijat - Statistics

Yleistilastot
  • Tätä visaa on pelattu 38 kertaa
  • Keskiarvotulos 6 / 13
Vastaustilastot
Vihje Vastaus % Oikein
voitti valioliigan maalipörssin kautena 2006-2007 Didier Drogba
89%
Yaya Touren veli Kolo Toure
86%
ainoa afrikkalainen Puskas Awardin voittaja Mohamed Salah
83%
pitää halussaan valioliigan nopeinta hattutemppua Sadio Mane
80%
voittanut ainoana afrikkalaisena Pichichi palkinnon Samuel Eto'o
69%
ainoa afrikkalainen ballon d'Or voittaja George Weah
66%
pidetään Gabonin kautta aikojen parhaimpana jalkapalloilijana Pierre-Emerick Aubameyang
63%
afrikan vuoden pelaaja vuonna 2008 Emmanuel Adebayor
23%
voittanut ainoana afrikkalaisena Paolo Rossi palkinnon Victor Osimhen
23%
voitti Nigerian liigan maalipörssin 2009-2010 Ahmed Musa
20%
voitti Ghanan parhaimman pelaajan palkinnon vuonna 2023 Mohammed Kudus
14%
Leicester Cityn vuoden pelaaja kautena 2022-2023 Kelechi Iheanacho
11%
kallein afrikkalainen jalkapalloilija kautta aikojen siirtokorvauksen mukaan Nicolas Pepe
3%
Ehtoja vastaavia visoja ei löytynyt
Tulosjakauma
Jokaisen tuloksen saaneiden osuus
Persentiili vastausten määrän mukaan
Tuloshistoriasi
Et ole pelannut tätä visaa